000
00300 a2200133 4500
000
nam a22 7a 4500
005
20260306110005.0
020
_a
9781032465463
100
_a
David S. Latchman
_9
1123631
245
_a
Gene Control
250
_a
3rd
260
_b
CRC Press
_c
2025
942
_c
TEXL
999
_c
1688477
_d
1688477